<?xml version="1.0" encoding="UTF-8"?>
<record
    xmlns:xsi="http://www.w3.org/2001/XMLSchema-instance"
    xsi:schemaLocation="http://www.loc.gov/MARC21/slim http://www.loc.gov/standards/marcxml/schema/MARC21slim.xsd"
    xmlns="http://www.loc.gov/MARC21/slim">

  <leader>01066nam a22002417a 4500</leader>
  <controlfield tag="008">170729s2009        sp||||| |||| 00| 0 spa d</controlfield>
  <datafield tag="020" ind1=" " ind2=" ">
    <subfield code="a">9789945866612</subfield>
  </datafield>
  <datafield tag="082" ind1="0" ind2="4">
    <subfield code="a">708</subfield>
    <subfield code="b">G216w</subfield>
  </datafield>
  <datafield tag="110" ind1="1" ind2=" ">
    <subfield code="a">Centro Le&#xF3;n.</subfield>
    <subfield code="9">5872</subfield>
  </datafield>
  <datafield tag="245" ind1="1" ind2="0">
    <subfield code="a">Wifredo Garc&#xED;a :</subfield>
    <subfield code="b">peculiares obsesiones /</subfield>
    <subfield code="c">Centro Le&#xF3;n ; traducci&#xF3;n al catal&#xE1;n por Ainara Munt Ojanguren y traducci&#xF3;n al ingl&#xE9;s por Dolores Vicioso.</subfield>
  </datafield>
  <datafield tag="250" ind1=" " ind2=" ">
    <subfield code="a">1a edici&#xF3;n.</subfield>
  </datafield>
  <datafield tag="260" ind1=" " ind2=" ">
    <subfield code="a">Espa&#xF1;a :</subfield>
    <subfield code="b">Centro Le&#xF3;n ; Casa Am&#xE8;rica Catalunya ; Innstitut ramon llull,</subfield>
    <subfield code="c">2009.</subfield>
  </datafield>
  <datafield tag="300" ind1=" " ind2=" ">
    <subfield code="a">219 p&#xE1;ginas :</subfield>
    <subfield code="b">ilustraciones en color.</subfield>
  </datafield>
  <datafield tag="500" ind1=" " ind2=" ">
    <subfield code="a">Cat&#xE1;logo publicado con motivo a la exposici&#xF3;n "Wifredo Garc&#xED;a: peculiares obsesiones", presentada en Febrero 2009 en Santiago de Caballeros, y en enero 2010 en Barcelona.</subfield>
  </datafield>
  <datafield tag="653" ind1="1" ind2="0">
    <subfield code="a">Arte contempor&#xE1;neo</subfield>
  </datafield>
  <datafield tag="653" ind1="1" ind2="0">
    <subfield code="a">Fotograf&#xED;a</subfield>
  </datafield>
  <datafield tag="653" ind1="1" ind2="0">
    <subfield code="a">Cat&#xE1;logo de exhibici&#xF3;n</subfield>
  </datafield>
  <datafield tag="653" ind1="1" ind2="0">
    <subfield code="a">Exhibiciones</subfield>
  </datafield>
  <datafield tag="653" ind1="1" ind2="0">
    <subfield code="a">Arte - Rep&#xFA;blica Dominicana </subfield>
  </datafield>
  <datafield tag="653" ind1="1" ind2="0">
    <subfield code="a">Fot&#xF3;grafos</subfield>
  </datafield>
  <datafield tag="700" ind1="1" ind2=" ">
    <subfield code="a">Munt Ojanguren, Ainara.</subfield>
    <subfield code="e">traductora.</subfield>
    <subfield code="9">5873</subfield>
  </datafield>
  <datafield tag="700" ind1="1" ind2=" ">
    <subfield code="a">VIcioso, Dolores.</subfield>
    <subfield code="e">traductora.</subfield>
    <subfield code="9">5874</subfield>
  </datafield>
  <datafield tag="999" ind1=" " ind2=" ">
    <subfield code="c">1233</subfield>
    <subfield code="d">1233</subfield>
  </datafield>
  <datafield tag="952" ind1=" " ind2=" ">
    <subfield code="0">0</subfield>
    <subfield code="1">0</subfield>
    <subfield code="2">ddc</subfield>
    <subfield code="4">0</subfield>
    <subfield code="7">0</subfield>
    <subfield code="a">LV</subfield>
    <subfield code="b">LV</subfield>
    <subfield code="c">Monograf&#xED;as</subfield>
    <subfield code="d">2017-07-29</subfield>
    <subfield code="l">0</subfield>
    <subfield code="o">708 G216w</subfield>
    <subfield code="p">004415</subfield>
    <subfield code="r">2017-07-29 00:00:00</subfield>
    <subfield code="w">2017-07-29</subfield>
    <subfield code="y">01</subfield>
  </datafield>
</record>
